La tutela judicial de los derechos fundamentales.

Αποθηκεύτηκε σε:
Λεπτομέρειες βιβλιογραφικής εγγραφής
Κύριος συγγραφέας: Larroucau Torres, Jorge Andrés (autor)
Μορφή: Βιβλίο
Έκδοση: Santiago, Chile: Ediciones DER, 2021.
Έκδοση:Primera edición.
Σειρά:Mg Monografías.
Θέματα:
Ετικέτες: Προσθήκη ετικέτας
Δεν υπάρχουν, Καταχωρήστε ετικέτα πρώτοι!

MARC

LEADER 00000nam a22000007a 4500
003 CL-VaPUC
005 20240527124917.0
008 220805t2021 ||||| |||| 00| 0 eng
999 |c 438041  |d 438039 
020 |a 978-956-405-031-7 
040 |c Pontificia Universidad Católica de Valparaíso 
082 7 |a 342.83085 LAR 2021  |2 22 
100 |a Larroucau Torres, Jorge Andrés  |e autor  |9 800269 
245 1 3 |a La tutela judicial de los derechos fundamentales.  
250 |a Primera edición. 
260 |a Santiago, Chile:  |b Ediciones DER,  |c 2021. 
300 |a 382 páginas 
490 |a Mg Monografías.  
500 |a c1.-c.2. Donación Profesor Jorge Larroucau. Memo 017. 07/06/2022 c.3. Donación Biblioteca Derecho. Memo DER 024/2023 
583 |c 20220810 
650 |a Derechos civiles   |z Chile   |9 875018 
650 |a Derechos civiles   |x Protección   |z Chile  |9 875019 
650 |a Garantías constitucionales   |z Chile   |9 875020 
942 |2 ddc  |c BK 
952 |0 0  |1 0  |2 ddc  |4 0  |6 342_830850000000000_LAR_2021  |7 0  |8 A  |9 585913  |a BIBDER  |b BIBDER  |c GEN  |d 2022-08-05  |i 5653854  |l 6  |m 3  |o 342.83085 LAR 2021  |p 5653854  |r 2024-12-02  |s 2024-12-02  |t 1  |w 2022-08-05  |y BK  |k DER 
952 |0 0  |1 0  |2 ddc  |4 0  |6 342_830850000000000_LAR_2021  |7 1  |8 C_LRYV  |9 585914  |a FDOBRV  |b BIBDER  |d 2022-08-05  |i 5653855  |l 1  |o 342.83085 LAR 2021  |p 5653855  |r 2023-01-25  |s 2022-08-19  |t 2  |w 2022-08-05  |y BK_X  |k BRV 
952 |0 0  |1 0  |2 ddc  |4 0  |6 342_830850000000000_LAR_2021  |7 0  |8 A  |9 591084  |a BIBDER  |b BIBDER  |c GEN  |d 2023-08-01  |e Donación  |i 5658283  |l 2  |m 1  |o 342.83085 LAR 2021  |p 5658283  |r 2024-09-11  |s 2024-09-04  |t 3  |w 2023-08-01  |y BK  |k DER